Esprits de Super Smash Bros. Ultimate #1 : Super Mario - Statistiques

Statistiques générales
  • Ce quiz a été pris 37 fois
  • Le résultat moyen est 57 sur 151
Statistiques - réponses
Indice Esprit % Correct
Pas besoin d'indice pour reconnaître ce héros ! Mario
100%
Cette fois, le héros imite Tiger Woods... Mario (Mario Golf: Super Rush)
100%
Le héros quand il se la joue Nadal Mario (Mario Tennis Aces)
100%
Frère vert Luigi
94%
...accompagné de son frère... Luigi (Mario Golf: Super Rush)
94%
Le frère vert quand il se la joue Djokovic Luigi (Mario Tennis Aces)
94%
Princesse du royaume Champignon Peach
91%
...et de sa princesse. Peach (Mario Golf: Super Rush)
91%
Princesse origami Peach (Paper Mario : The Origami King)
91%
Roi des tortues et grand méchant Bowser
88%
Princesse de Sarasaland Daisy
88%
Fils du gros méchant Bowser Jr.
82%
Mère des étoiles Harmonie
82%
Objet permettant de faire grandir Super Champi
79%
Objet rendant invincible Super étoile
76%
Objet permettant de tout cramer Fleur de feu
70%
Ennemi tortue de base Koopa Troopa
70%
Koopaling aux lunettes de soleil Roy
67%
Champignon vivant Toad
67%
Seule Koopaling femelle Wendy
67%
Fantôme tout timide Boo
64%
Le héros arbore cette tenue pour soigner quelqu'un Dr. Mario
64%
Koopaling aux cheveux bleu ciel Larry
64%
Koopaling avec ses ballons Lemmy
64%
Le héros en tout gris et tout dur Mario de métal
64%
Princesse du royaume Champignon version enfant Bébé Peach
61%
Koopaling aux cheveux verts Iggy
61%
Koopaling de couleur grise Morton
61%
Version féminine du champignon Toadette
61%
On l'aura sûrement jamais dans Smash Waluigi
61%
Il est pas dans Smash mais il joue au foot Waluigi (Mario Strikers)
61%
Ennemi crotte ou champignon ou châtaigne je ne sais pas Goomba
58%
Il arbore cette tenue pour sauver Peach dans Super Mario Odyssey Mario (mariage)
58%
Cette même princesse qui fait miaou Peach chat
58%
Gros boulet qui aboie Chomp
55%
Tortue sur un nuage avec une autre tortue piquante Lakitu et Hériss
55%
Koopaling aux cheveux bleu foncé Ludwig
55%
Il arbore cette tenue quand il joue à Super Mario Maker Mario (constructeur)
55%
Le héros brillant (et probablement très cher) Mario d'or
55%
Le héros déguisé en spectre Mario fantôme
55%
Gros fantôme beaucoup moins timide Roi Boo
55%
Le grand méchant dans son plus beau costard blanc Bowser (mariage)
48%
Sorcier qui envoie des boutons de PlayStation magiques Kamek
48%
Cette même princesse dans sa plus belle robe blanche Peach (mariage)
48%
Regardez-bien au-dessus de vous, il pourrait vous écraser Thwomp
48%
Partenaire de Yoshi à la bouche volumineuse Birdo
45%
Bombe sur pattes Bob-Omb
45%
Ce même champignon avec une lampe sur la tête Capitaine Toad
45%
Grosse plante boss de plusieurs jeux Mario Flora Piranha
45%
Cette plante n'est pas dans Smash non plus mais joue aussi au foot Flora Piranha (Mario Strikers)
45%
Missile Bill Balle
42%
Calamar Bloups
42%
Le méchant en version tout plat Bowser de papier
42%
Ce même méchant en forme suprême Bowser de papier (Paper Mario : Sticker Star)
42%
Le héros en forme de grosse boule de roche Mario de pierre
42%
Il y en a 120 dans Super Mario Sunshine Soleil
42%
Gros missile Bill Bourrin
39%
Chapeau qui sait "chapimorphoser" Cappy
39%
Ennemi qui lance des projectiles métalliques Frère Marto
39%
Petite étoile de l'espace Luma
39%
Le héros en version tout plat Mario de papier
39%
Ennemi récurrent de la série Yoshi Maskass
39%
Version vieux du champignon Papy Champi
39%
Elle est jouable dans Smash, elle ? Bah oui, et payante en plus ! Plante Piranha
39%
Monarque des butineuses Reine des Abeilles
39%
Monarque des bombes sur pattes Roi Bob-Omb
39%
Version un peu morte du grand méchant Bowser Skelet
36%
"Jump up superstar !" Pauline
36%
Chenille avec une fleur sur la tête Wiggler
36%
Cube qu'on frappe pour avancer dans Mario Party Bloc dé
33%
Tortue présente dans Super Mario Bros.3 et Super Mario 3D Land en tant que boss Boum Boum
33%
Lapin voleur Carottin
33%
Nom de cet aspirateur Ectoblast 5000
33%
Habitant de l'île Delphino Pianta
33%
Déguisement du fils du grand méchant pour se faire passer pour le héros Antimario
30%
Marionette vivante que tout le monde veut voir dans Smash Geno
30%
Gros singe crétin Lapin Donkey Kong
30%
Héros crétin Lapin Mario
30%
Princesse crétine Lapin Peach
30%
Vaisseau volant en forme de chapeau L'Odyssée
30%
Frère vert tout plat en version maléfique Mr. L
30%
Quand Toadette prend une couronne Peachette
30%
Fées à libérer dans Super Mario 3D World Princesses Libella
30%
Navire volant qui a la tête du héros Vaisseau Mario
30%
La même tortue avec sa copine qui lance des boomerangs Boum Boum et Poum Poum
27%
Toutou fantôme Ectochien
27%
Pistolet à eau de ce même jeu J.E.T.
27%
Grosse étoile violette qui dirige le navire ci-dessous Lubba
27%
Pouvoir trompeur du héros dans Super Mario Bros. Wonder Mario éléphant
27%
Elle contrôle les extraterrestres violets Princesse Xhampi
27%
Boss final de Super Mario Land Tatanga
27%
Champignon vivant qui a pris un Super Gland Toad écureuil volant
27%
Le méchant encore plus méchant, encore plus grand et tout noir Bowser en furie
24%
Deux fleurs, on adore l'une, l'autre nous agace... Fleur Prodige et fleur cancan
24%
Le frère vert quand il prend une Feuille Tanuki Luigi renard
24%
Petit robot mécanique présent dans les bateaux volants Méchakoopa
24%
C'est un seau. Tout plat. Peinturion
24%
Monstre du Loch Ness orange super sympa Plessie
24%
Il donne un joli aspirateur au frère vert, pour nettoyer la poussière Professeur K.Tastroff
24%
Le héros médecin doit les éliminer pour gagner Virus
24%
Boss final anti-végans de Super Mario Bros. 2 Wart
24%
Elle aide les héros dans leur quête au centre de Bowser Étoile d'or
21%
Kart classique présent dans tous les Mario Kart Kart standard
21%
Deux-roues classique présent dans Mario Kart Wii et Mario Kart 8/Deluxe Moto standard
21%
L'autre princesse origami qui n'apparaît que dans ce jeu Olivia
21%
Joueur de football américain Bill Dozer
18%
Objet qui nous donne de multiples accélérations dans Mario Kart Champignon doré
18%
Serviteur tout plat, il est en vérité l'antagoniste principal Dimensio
18%
La même étoile qui n'a pas l'air d'avoir mangé depuis des mois Luma affamé
18%
Boss souris de Super Mario Bros. 2 Mouser
18%
Princesse mousquetaire Peach épéiste
18%
Ruban magique dans Princess Peach: Showtime ! Peach et Stella
18%
Ennemi de Super Mario Bros. 2 sur un tapis volant Pidgit
18%
Son frère Roi Olly
18%
C'est un homme ou une femme ? Je sais pas mais c'est dans Paper Mario : la Porte Millénaire Viviane
18%
Crabe ennemi de Mario Bros. Zarbipas
18%
Ils sont mignons... sauf quand le gros méchant se réveille... Chatons
15%
Moto de Link Destrier de légende
15%
Le héros qui miaule et qui a une poussée de croissance Giga Mario chat
15%
Serviteur pas plat, il est en vérité l'antagoniste principal de Mario et Luigi. Gracowitz
15%
Kart de Mario dans Mario Kart DS Intrépide
15%
Petit nuage ami de Mario dans Super Mario RPG Mallow
15%
Jouet utilisé pour battre Donkey Kong Mini Mario
15%
Petite plante blanche ressemblant au Scronch Nipper
15%
Kart en forme de bête à bon Dieu Paracoccinelly
15%
Parapluie vivant de Peach Perry
15%
Elle a possédé la princesse toute plate Reine des Ténèbres
15%
Petite moto d'Animal Crossing Scooter AC
15%
Sorcière toute plate qui balance aussi des boutons de PlayStation Kammy Koopa
12%
Ennemi aquatique qui pique de partout Maxi-Oursin
12%
Prince de Végésia Prince Harik
12%
Antagoniste principal de Mario et Luigi : Dream Team Bros. Antasma
9%
Kart piloté par Peach d'or rose sur l'image de l'esprit Beat-bolide
9%
Un bloc vivant qui collectionne les Chablocs Charlie Bloc
9%
Kart en forme de poisson Cheep-mobile
9%
Glaçon ennemi de Mario Bros. Congélo
9%
Ennemi de Wrecking Crew qui fait... pas grand chose. Eggplant Man
9%
Jeune golfeur dans Mario Golf Kid
9%
Kart ressemblant à un baril Loco-Tonneau
9%
Le même jouet, mais armé d'objets métalliques, et pas pour enfoncer des clous Mini Mario et marteaux
9%
Mini-jeu dans Mario Paint qui rappelle les moustiques l'été Mouches et main
9%
Prince des rêves de Luigi, il a un nom de nounours Prince Tédibert
9%
Voiture bleue contenant un chiffre dans son nom Proto 8
9%
Boule de feu vivante et version agrandie de Sparky Tête Brulée
9%
Petite fée qui aide le héros dans Mario & Wario Wanda
9%
Mode de jeu dans Super Mario Party où l'on navigue sur un bateau Excursion en rafting
6%
Présentateurs dans Mario Party 8 Martin Tamarre et Gai Lurin
6%
Kart ressemblant à une poussette Téti-mobile
6%
Il est composé de papier venant d'un tas de Toad tout plats Titancarton Mario
6%
Vieille voiture de Mario Kart: Double Dash !! Coche Fleur
3%
Kart en forme de dinosaure vert Turbo Yoshi
3%
Aucun quiz correspondant
Distribution des résultats
% des personnes avec chaque résultat
Percentile par nombre de réponses
Votre historique - résultats
Vous n’avez pas pris ce quiz